<?xml version="1.0" encoding="UTF-8"?>
<marc:record xmlns:marc="http://www.loc.gov/MARC21/slim">
   <marc:leader>00000nam a2200000 a 4500</marc:leader>
   <marc:datafield ind1="1" ind2=" " tag="100">
      <marc:subfield code="a">Carr, Amelia</marc:subfield>
      <marc:subfield code="4">aut</marc:subfield>
      <marc:subfield code="e">Verfasser/-in</marc:subfield>
   </marc:datafield>
   <marc:datafield ind1="0" ind2="0" tag="245">
      <marc:subfield code="a">Die Pilotin</marc:subfield>
   </marc:datafield>
   <marc:datafield ind1=" " ind2="1" tag="264">
      <marc:subfield code="b">Lübbe</marc:subfield>
      <marc:subfield code="c">2010</marc:subfield>
   </marc:datafield>
   <marc:datafield ind1="1" ind2=" " tag="520">
      <marc:subfield code="a">Frühjahr 1942. Als die junge Pilotin Nancy ein Telegramm von der berühmten Fliegerin Jacqueline Cochran erhält, beginnt für die Amerikanerin das Abenteuer ihres Lebens. Ausgerechnet sie soll für Jacqueline legendäre Elitetruppe fliegen! Doch schon ihr erster Flug wird zur Bewährungsprobe, als sie auf einer Wiese in der englischen Provinz notlanden muss. Noch völlig aufgewühlt von ihrer Bruchlandung, begegnet sie James - und verliebt sich auf der Stelle in ihn. Als das Schicksal ihre Wege wenig später trennt, ahnt Nancy nicht, dass sie ein Geheimnis teilen, das ihre Familie Jahrzehnte später zutiefst erschüttert ...</marc:subfield>
   </marc:datafield>
   <marc:datafield ind1=" " ind2=" " tag="020">
      <marc:subfield code="a">9783404183890</marc:subfield>
      <marc:subfield code="9">9783404183890</marc:subfield>
   </marc:datafield>
</marc:record>
